| 000 | 00481nam a22001937a 4500 | ||
|---|---|---|---|
| 005 | 20230926112540.0 | ||
| 008 | 230912b |||||||| |||| 00| 0 eng d | ||
| 020 | _a978332555693 | ||
| 082 |
_a658.84 _bMAL-M |
||
| 100 | _aMalhotra,Naresh.K | ||
| 245 |
_aMarketing Research : _bAn Applied Orientation |
||
| 250 | _a7th.ed | ||
| 260 |
_aIndia _bPearson _c2018 |
||
| 300 | _a968 | ||
| 500 | _aInclude Index | ||
| 650 | _aManagement | ||
| 700 | _aNaresh K.Malhotra | ||
| 999 |
_c33512 _d33512 |
||